Loading...

Akkal dhava /

Bibliografiske detaljer
Hovedforfatter: Chandran, P. R.
Format: Printed Book
Sprog:Malayalam
Udgivet: National Book Stall , 1971.
Fag:
LEADER 00491nam a2200157Ia 4500
008 150624b xxu||||| |||| 00| d mal d
082 |a 852.3C3 
100 |a Chandran, P. R. 
245 |c P. R. Chandran  |a Akkal dhava / 
260 |b National Book Stall ,  |c 1971. 
300 |a 104 p. 
546 |a In Malayalam. 
650 |v Drama 
942 |c BK 
999 |c 71960  |d 71960 
952 |0 0  |1 0  |4 0  |6 852_000000000000000_3C3_AKK_M  |7 0  |9 71915  |a UL  |b UL  |c ST2  |d 1998-09-15  |l 0  |o 852.3C3 AKK M  |p 6089  |r 2012-10-27  |w 2012-10-27  |y BK